[Event "Kitchener Winter op"]
[Site "Kitchener "]
[Date "2013.03.10"]
[Round "5"]
[White "Cheng, Bindi"]
[Black "Olheiser, Gordon"]
[Result "1-0"]
[WhiteElo "2517"]
[BlackElo "2184"]
[PlyCount "57"]
[EventDate "2013.03.09"]
[EventType "swiss"]
[EventRounds "5"]
[EventCountry "CAN"]
[SourceTitle "EXT 2015"]
[Source "ChessBase"]
[SourceDate "2014.11.20"]
[SourceVersion "1"]
[SourceVersionDate "2014.11.20"]
[SourceQuality "1"]

1. Nf3 f5 2. d3 d6 3. g3 Nf6 4. Bg2 e5 5. 0-0 Be7 6. c4 Nc6 7. Nc3 0-0 8. Rb1 Qe8 9. Bg5 h6 10. Bxf6 Bxf6 11. Nd5 Bd8 12. Nd2 Qh5 13. e3 Qxd1 14. Rfxd1 Rb8 15. b4 Ne7 16. b5 Be6 17. Rdc1 g5 18. Rc3 Nxd5 19. Bxd5 Bxd5 20. cxd5 Rf7 21. Ra3 e4 22. dxe4 f4 23. exf4 gxf4 24. Kg2 c6 25. bxc6 Bb6 26. Nc4 fxg3 27. Rxg3+ Kh7 28. Rxb6 axb6 29. Nxd6 1-0

[Event "Canadian op 48th"]
[Site "Toronto"]
[Date "2011.07.13"]
[Round "5"]
[White "Olheiser, Gordon"]
[Black "Aird, Ian"]
[Result "1-0"]
[WhiteElo "1926"]
[BlackElo "2020"]
[PlyCount "109"]
[EventDate "2011.07.09"]
[EventType "swiss"]
[EventRounds "9"]
[EventCountry "CAN"]
[SourceTitle "CBM 143 Extra"]
[Source "ChessBase"]
[SourceDate "2011.08.29"]
[SourceVersion "1"]
[SourceVersionDate "2011.08.29"]
[SourceQuality "1"]

1. g3 e5 2. c4 Nf6 3. Bg2 g6 4. Nc3 Bg7 5. Nf3 d6 6. b4 a6 7. Rb1 0-0 8. 0-0 Re8 9. d3 h6 10. Nd2 c6 11. e4 Bg4 12. Qc2 Nh5 13. c5 Be6 14. Na4 d5 15. Nb6 Ra7 16. a4 Nf6 17. Nb3 Nbd7 18. a5 dxe4 19. dxe4 Bxb3 20. Rxb3 Nxb6 21. cxb6 Ra8 22. Be3 Qd7 23. Rd1 Qe6 24. Rbd3 Bf8 25. Bc5 Be7 26. Bxe7 Qxe7 27. Qd2 Kg7 28. Rd6 Rab8 29. Qc2 Rbd8 30. Qd2 Rxd6 31. Qxd6 Kf8 32. Qc7 Kg7 33. Qd6 Kf8 34. Qd2 Kg7 35. Qc3 Qe6 36. f3 Re7 37. Bf1 Rd7 38. Rxd7 Nxd7 39. Bc4 Qd6 40. Qd3 Qxd3 41. Bxd3 Kf6 42. Kf2 Ke7 43. Ke3 Kd6 44. Kd2 f6 45. Kc3 Nf8 46. Bf1 f5 47. exf5 gxf5 48. Bh3 Ke6 49. g4 Kf6 50. gxf5 Nd7 51. Kc4 Kg5 52. f6 Nxf6 53. Bc8 e4 54. fxe4 Nxe4 55. Bxb7 1-0

[Event "Hamilton Summer op"]
[Site "Hamilton"]
[Date "2010.08.21"]
[Round "1"]
[White "Preotu, Razvan"]
[Black "Olheiser, Gordon"]
[Result "1/2-1/2"]
[WhiteElo "1682"]
[BlackElo "2091"]
[PlyCount "59"]
[EventDate "2010.08.21"]
[EventType "swiss"]
[EventRounds "5"]
[EventCountry "CAN"]
[SourceTitle "EXT 2022"]
[Source "ChessBase"]
[SourceDate "2021.10.06"]
[SourceVersion "1"]
[SourceVersionDate "2021.10.06"]
[SourceQuality "1"]

1. Nf3 e6 2. c4 f5 3. g3 Nf6 4. Bg2 d5 5. d4 c6 6. 0-0 Bd6 7. Nc3 Nbd7 8. c5 Bc7 9. b4 0-0 10. a4 Qe7 11. Bd2 Ne4 12. Qb3 Nxd2 13. Nxd2 f4 14. e4 Qg5 15. Nf3 Qh5 16. e5 g5 17. Ne2 Rf7 18. gxf4 gxf4 19. Kh1 Nf8 20. Rg1 Ng6 21. Qc2 Bd7 22. Ra3 Kh8 23. Ne1 Rg8 24. Rh3 Qf5 25. Qxf5 Rxf5 26. Rb3 Rg5 27. Nf3 Rh5 28. b5 a6 29. b6 Bd8 30. a5 1/2-1/2

[Event "Canadian op"]
[Site "Montreal"]
[Date "1974.07.31"]
[Round "6"]
[White "Brodie, Hugh"]
[Black "Olheiser, Gordon"]
[Result "1-0"]
[WhiteElo "1800"]
[BlackElo "1550"]
[PlyCount "27"]
[EventDate "1974.07.27"]
[EventType "swiss"]
[EventRounds "11"]
[EventCountry "CAN"]
[SourceTitle "EXT 2022"]
[Source "ChessBase"]
[SourceDate "2021.10.06"]
[SourceVersion "1"]
[SourceVersionDate "2021.10.06"]
[SourceQuality "1"]

1. Nc3 g6 2. e4 Bg7 3. f4 d6 4. Nf3 c5 5. d4 Qa5 6. Be3 Nf6 7. Qd2 cxd4 8. Nxd4 a6 9. Be2 Nc6 10. Nb3 Qc7 11. 0-0 Ng4 12. Nd5 Qd8 13. Bb6 Qd7 14. Bxg4 1-0